000
00301nam a22001337a 4500
008
180827b xxu||||| |||| 00| 0 eng d
020
_a
9780030341465
041
_a
eng
080
_a
541
100
_a
12
101
_a
KIM
245
_a
CHEMISRTY THE MOLECULAR SCIENCE
_c
MOORE,S
942
_2
udc
_c
BK
999
_c
47339
_d
47339